| 000 | 01091nam a2200325 i 4500 | ||
|---|---|---|---|
| 001 | 8339 | ||
| 003 | KOSZ 005 | ||
| 005 | 20230223105047.0 | ||
| 008 | 071021s1969 pl a f 000 0 pol | ||
| 015 | _aPB 1969/4836 | ||
| 040 |
_aWA N _cKOSZ 005/RW _dKOSZ 005/RW |
||
| 080 | _a666.9 | ||
| 100 | 1 |
_aKluz, Tomasz _d(1897-1987) _eAutor |
|
| 245 | 1 | 0 |
_aProjektowanie betonów / _cTomasz Kluz, Krystian Eyman. |
| 250 | _aWyd. 2 popr. i rozsz. | ||
| 260 |
_aWarszawa : _b"Arkady", _c1969. |
||
| 300 |
_a308, [3] s. : _bil. ; _c23 cm. |
||
| 336 |
_2rdacontent _aTekst _btxt |
||
| 337 |
_2rdamedia _aBez urządzenia pośredniczącego _bn |
||
| 338 |
_2rdacarrier _aWolumin _bnc |
||
| 380 | _aKsiążki. | ||
| 504 | _aBibliogr. s. 308-[309]. | ||
| 650 | 4 | _aBeton | |
| 650 | 4 | _aTechnologia | |
| 658 | _aArchitektura i budownictwo | ||
| 700 | 1 |
_aEyman, Krystian _d(1909-1984) _eRedakcja |
|
| 710 | 2 |
_aWydawnictwo Arkady _4pbl. |
|
| 856 |
_uhttp://koha.tu.koszalin.pl/cgi-bin/koha/opac-detail.pl?biblionumber=8339 _yKatalog online BPK |
||
| 942 |
_2UKD _cKS |
||
| 999 |
_c8339 _d8339 |
||